Cornell Basketball: Top 10 All-Time Leaders - Statistics

General Stats
  • This quiz has been taken 4 times
    0 since last reset
  • The average score is 0 of 91
Answer Stats
Category # Player Amount % Correct
Three Pointers Made 10 Adam Gore 154
0%
Blocks 10 Alex Tyler 66
0%
Games T8 Alex Tyler 108
0%
Three Pointers Made T6 Andrew Ferry 164
0%
Blocks 5 Andrew Naeve 139
0%
Games T6 Andrew Naeve 109
0%
Blocks 2 Bernard Jackson 174
0%
Rebounds 6 Bill Baugh 698
0%
Rebounds 4 Bill Schwarzkopf 762
0%
Three Pointers Made 4 Brandt Schuckman 231
0%
Points Per Game 5 Charlie Rolles 17.2
0%
Steals 2 Chris Manon 173
0%
Assists 1 Chris Wroblewski 481
0%
Steals 10 Chris Wroblewski 139
0%
Three Pointers Made 5 Chris Wroblewski 189
0%
Games 2 Chris Wroblewski 119
0%
Points 10 Cody Toppert 1,232
0%
Three Pointers Made 3 Cody Toppert 237
0%
Games T8 Cody Toppert 108
0%
Rebounds 8 Dave Zornow 644
0%
Games T10 David Lisle 107
0%
Blocks 6 David Onuorah 119
0%
Assists 5 DeShawn Standard 320
0%
Steals 4 DeShawn Standard 155
0%
Steals T8 Drew Martin 144
0%
Field Goal Percent 6 Drew Martin 47.9%
0%
Rebounds 9 Eric Taylor 643
0%
Blocks 9 Eric Taylor 85
0%
Field Goal Percent 1 Eric Taylor 57.2%
0%
Rebounds 7 Gary Munson 645
0%
Games T10 Geoff Reeves 107
0%
Rebounds 1 George Farley 1,089
0%
Assists 9 Graham Dow 272
0%
Steals 3 Graham Dow 166
0%
Points Per Game 8 Greggory Morris 15.7
0%
Points Per Game 3 Hank South 18.2
0%
Rebounds 3 Jack Sheehy 839
0%
Points Per Game 10 Jack Sheehy 15.5
0%
Rebounds 10 Jeff Foote 634
0%
Blocks 3 Jeff Foote 157
0%
Blocks 1 Jeffrion Aubry 191
0%
Assists 10 Jerry Szachara 263
0%
Points 3 John Bajusz 1,663
0%
Assists 8 John Bajusz 285
0%
Steals 5 John Bajusz 150
0%
Field Goal Percent 3 John Bajusz 53.7%
0%
Points Per Game 7 John Bajusz 16.0
0%
Games 3 Josh Warren 115
0%
Assists 3 Josh Wexler 377
0%
Points 8 Ka'Ron Barnes 1,396
0%
Assists 4 Ka'Ron Barnes 329
0%
Steals T6 Ka'Ron Barnes 149
0%
Points 6 Ken Bantum 1,411
0%
Blocks 7 Ken Bantum 97
0%
Field Goal Percent 2 Ken Bantum 54.4%
0%
Steals T6 Lenny Collins 149
0%
Games T6 Lenny Collins 109
0%
Points 4 Louis Dale 1,452
0%
Assists 2 Louis Dale 470
0%
Three Pointers Made T6 Louis Dale 164
0%
Field Goal Percent 9 Louis Dale 46.1%
0%
Games 5 Louis Dale 110
0%
Points Per Game 4 Lou Jordan 17.9
0%
Points 1 Matt Morgan 2,333
0%
Assists 6 Matt Morgan 296
0%
Three Pointers Made 2 Matt Morgan 334
0%
Field Goal Percent 8 Matt Morgan 47.0%
0%
Points Per Game 1 Matt Morgan 20.5
0%
Games 4 Matt Morgan 114
0%
Points 7 Mike Davis 1,400
0%
Points Per Game 2 Mike Davis 18.7
0%
Field Goal Percent 7 Mike Lucas 47.7%
0%
Points 5 Ray Mercedes 1,429
0%
Three Pointers Made 9 Ray Mercedes 162
0%
Points 9 Robert Hatter 1,241
0%
Points 2 Ryan Wittman 2,028
0%
Three Pointers Made 1 Ryan Wittman 377
0%
Field Goal Percent 10 Ryan Wittman 45.8%
0%
Points Per Game 6 Ryan Wittman 16.8
0%
Games 1 Ryan Wittman 121
0%
Three Pointers Made T6 Shawn Maharaj 164
0%
Blocks 4 Shonn Miller 150
0%
Rebounds 5 Stephen Cram 735
0%
Field Goal Percent 4 Stephen Cram 49.1%
0%
Points Per Game 9 Stephen Cram 15.5
0%
Blocks 8 Steven Julian 87
0%
Assists 7 Wallace Prather 290
0%
Steals 1 Wallace Prather 197
0%
Rebounds 2 Walt Esdaile 840
0%
Steals T8 Zeke Marshall 144
0%
Field Goal Percent 5 Zeke Marshall 48.9%
0%
No matching quizzes found
Score Distribution
Percent of People with Each Score
Percentile by Number Answered
Your Score History
You have not taken this quiz since the last reset